Mathematical Programming Essays in Honor of George B.Dantzig. Part 1

Guardado en:
Detalles Bibliográficos
Formato: Libro
Lenguaje:inglés
Publicado: Amsterdam : Elsevier, 1985
Materias:
Etiquetas: Agregar Etiqueta
Sin Etiquetas, Sea el primero en etiquetar este registro!

MARC

LEADER 00000nam a22000003a 4500
001 stu44777
005 20150408180400.0
008 950613s1985----ne------------------eng-d
020 |a 0-444-87853-X 
040 |a STU  |b slo 
041 0 |a eng 
044 |a ne 
080 |a 519.7(082) 
245 |a Mathematical Programming Essays in Honor of George B.Dantzig. Part 1 
260 |a Amsterdam :  |b Elsevier,  |c 1985 
300 |a 252 s 
650 7 |a Kybernetika matematická  |2 stusub 
650 7 |a zborníky  |2 stusub 
996 |b 284M025877  |c M*9207/1-1  |l MMKN  |s A  |a 24  |w stu44777_0001